| 000 | 00516nam a2200205Ia 4500 | ||
|---|---|---|---|
| 008 | 160303s9999 xx 000 0 und d | ||
| 020 | _a971-8589-11-2 | ||
| 050 | _aFIL HG 4515.3 | ||
| 050 | _b.F35 2000 | ||
| 100 | _aFajardo, Max B., Jr. | ||
| 245 | _aSimplified mathematics of investment / | ||
| 245 | _cMax B. Fajardo, Jr. | ||
| 260 | _aManila : | ||
| 260 | _b[s.n.] : | ||
| 260 | _c2000 | ||
| 300 | _a374 pages : | ||
| 300 | _billustrations ; | ||
| 300 | _c22 cm. | ||
| 650 | _aBusiness mathematics. | ||
| 999 |
_c291323 _d291323 |
||